| 000 | 01369 am a22003378a 4500 | ||
|---|---|---|---|
| 001 | 011617280 | ||
| 003 | EG-ScBUE | ||
| 005 | 20220324104724.0 | ||
| 008 | 990804s1999 enk f bd 000 0 eng d | ||
| 020 | _a9780520064010 | ||
| 040 |
_aEG-ScBUE _beng _erda _cEG-ScBUE _dEG-ScBUE |
||
| 082 | 0 | 4 |
_a843.3 _222 _bRAB |
| 100 | 1 |
_aRabelais, François, _dapproximately 1490-1553?, _eauthor. _933595 |
|
| 245 | 1 | 4 |
_aThe complete works of François Rabelais / _ctranslated from the French by Donald M. Frame ; with a foreword by Raymond C. La Charité. |
| 264 | 1 |
_aBerkeley, California : _bUniversity of California Press, _c1999. |
|
| 300 |
_axlvii, 1067 pages ; _c23 cm |
||
| 336 |
_2rdacontent _atext _btxt |
||
| 337 |
_2rdamedia _aunmediated _bn |
||
| 338 |
_2rdacarrier _avolume _bnc |
||
| 500 | _aIncludes glossary. | ||
| 504 | _aIncludes bibliographical references. | ||
| 546 | _aText in English ; translated from the original French. | ||
| 600 | 1 | 7 |
_aRabelais, François, _dapproximately 1490-1553? _xTranslations into English. _2BUEsh _933596 |
| 650 | 7 |
_aAuthors, French _y16th century _xCriticism and interpretation. _2BUEsh |
|
| 651 | _2BUEsh | ||
| 653 |
_cSeptember2013 _bHHUUEENN |
||
| 655 |
_vReading book _934232 |
||
| 700 | 1 |
_aFrame, Donald M., _d1911-1991, _etranslator. |
|
| 700 | 1 |
_aLa Charité, Raymond C., _eauthor of introduction, etc. |
|
| 942 |
_2ddc _cBB |
||
| 999 |
_c17512 _d17484 |
||